| 000 | 00607nam a2200205Ia 4500 | ||
|---|---|---|---|
| 003 | OSt | ||
| 005 | 20250726150138.0 | ||
| 008 | 210423s2002 xx 000 0 und d | ||
| 040 | _cAL | ||
| 041 | _aeng | ||
| 082 |
_a307.762 _bSINP |
||
| 100 |
_aSurat Singh _9110266 |
||
| 245 |
_aProblems and prospects of panchayat finance _b: study of common land |
||
| 260 |
_aNew Delhi _bMittal Publications _c2002 |
||
| 365 |
_b295 _cINR |
||
| 650 |
_aSociology _9110267 |
||
| 650 |
_aUrban Communities _9110268 |
||
| 906 | _acommon ; finance: ; land ; panchayat ; Problems ; prospects ; study | ||
| 942 |
_2ddc _cBK |
||
| 999 |
_c172652 _d172652 |
||